[Event "Oberliga Ost-A 2122"]
[Site "Germany"]
[Date "2022.05.07"]
[Round "9.2"]
[White "Zawadzka, Jolanta"]
[Black "Hellwig, Tobias"]
[Result "1-0"]
[WhiteElo "2400"]
[BlackElo "2228"]
[PlyCount "77"]
[EventDate "2021.10.10"]
[EventType "team-tourn"]
[EventRounds "11"]
[EventCountry "GER"]
[SourceTitle "EXT 2023"]
[Source "ChessBase"]
[SourceDate "2022.10.05"]
[SourceVersion "1"]
[SourceVersionDate "2022.10.05"]
[SourceQuality "1"]
[WhiteTeam "Plauen Koenig"]
[BlackTeam "Sangerhausen"]
[WhiteTeamCountry "GER"]
[BlackTeamCountry "GER"]

1. e4 Nf6 2. e5 Nd5 3. d4 d6 4. c4 Nb6 5. exd6 exd6 6. Nc3 Nc6 7. Be3 Bf5 8. Nf3 Be7 9. Be2 0-0 10. b3 Bf6 11. 0-0 d5 12. c5 Nc8 13. Qd2 N8e7 14. Rfe1 Be4 15. Rad1 Nf5 16. h3 Re8 17. b4 Nxe3 18. fxe3 Ne7 19. Nh2 Nf5 20. Nxe4 dxe4 21. Bc4 Bg5 22. Qf2 Qd7 23. g3 h5 24. h4 Bf6 25. Rf1 g6 26. Be2 Qd5 27. Bxh5 Nxe3 28. Qxe3 Qxh5 29. Qb3 Qh8 30. Kg2 Re7 31. d5 Rae8 32. Ng4 Bg7 33. d6 cxd6 34. cxd6 Rd7 35. Rxf7 Rxf7 36. Rf1 Ref8 37. d7 Bf6 38. Rxf6 Qg7 39. Rxf7 1-0

[Event "Oberliga Ost-A 2122"]
[Site "Germany"]
[Date "2022.04.03"]
[Round "11.2"]
[White "Richter, Leonard"]
[Black "Hellwig, Tobias"]
[Result "1-0"]
[WhiteElo "2277"]
[BlackElo "2228"]
[PlyCount "53"]
[EventDate "2021.10.10"]
[EventType "team-tourn"]
[EventRounds "11"]
[EventCountry "GER"]
[SourceTitle "EXT 2023"]
[Source "ChessBase"]
[SourceDate "2022.10.05"]
[SourceVersion "1"]
[SourceVersionDate "2022.10.05"]
[SourceQuality "1"]
[WhiteTeam "Leipzig SG"]
[BlackTeam "Sangerhausen"]
[WhiteTeamCountry "GER"]
[BlackTeamCountry "GER"]

1. e4 Nf6 2. e5 Nd5 3. d4 d6 4. Nf3 dxe5 5. Nxe5 g6 6. c4 Nf6 7. Nc3 Bg7 8. Be2 0-0 9. 0-0 Nbd7 10. Nf3 Nb6 11. h3 c6 12. Be3 Bf5 13. Qb3 Qc8 14. a4 Qc7 15. a5 Nc8 16. Rfd1 h5 17. d5 Ne4 18. Nxe4 Bxe4 19. Nd4 Nd6 20. f3 c5 21. Nb5 Nxb5 22. Qxb5 Bf5 23. Bxc5 Bxb2 24. d6 Qc8 25. dxe7 Re8 26. Rd8 Bxa1 27. Qxe8+ 1-0

[Event "Oberliga Ost-A 1920"]
[Site "Germany"]
[Date "2021.07.17"]
[Round "10.5"]
[White "Hutsch, Oliver"]
[Black "Hellwig, Tobias"]
[Result "0-1"]
[WhiteElo "2143"]
[BlackElo "2214"]
[PlyCount "58"]
[EventDate "2019.09.29"]
[EventType "team-tourn"]
[EventRounds "11"]
[EventCountry "GER"]
[SourceTitle "EXT 2023"]
[Source "ChessBase"]
[SourceDate "2022.10.05"]
[SourceVersion "1"]
[SourceVersionDate "2022.10.05"]
[SourceQuality "1"]
[WhiteTeam "Dresden Gruen Weiss"]
[BlackTeam "Sangerhausen"]
[WhiteTeamCountry "GER"]
[BlackTeamCountry "GER"]

1. d4 d5 2. Nf3 Nf6 3. g3 Bf5 4. Bg2 e6 5. 0-0 Be7 6. c4 0-0 7. Nc3 c6 8. h3 Ne4 9. Qb3 Qb6 10. c5 Qxb3 11. axb3 Na6 12. g4 Bg6 13. Bf4 f6 14. Nh4 Bf7 15. Nf3 e5 16. dxe5 Naxc5 17. Nd4 fxe5 18. Bxe5 Nd2 19. Nf5 Bf6 20. Bd6 Ncxb3 21. Bxf8 Kxf8 22. Ra3 b5 23. Ra6 Nxf1 24. Kxf1 Be8 25. e4 b4 26. Nd1 dxe4 27. Nd6 Rd8 28. Nxe8 Rxd1+ 29. Ke2 Rd2+ 0-1

[Event "Oberliga Ost-B 1819"]
[Site "Germany"]
[Date "2019.04.07"]
[Round "11.5"]
[White "Graf, Gerd"]
[Black "Hellwig, Tobias"]
[Result "1/2-1/2"]
[WhiteElo "2236"]
[BlackElo "2187"]
[PlyCount "66"]
[EventDate "2018.10.21"]
[EventType "team-tourn"]
[EventRounds "11"]
[EventCountry "GER"]
[SourceTitle "EXT 2020"]
[Source "ChessBase"]
[SourceDate "2019.10.17"]
[SourceVersion "1"]
[SourceVersionDate "2019.10.17"]
[SourceQuality "1"]
[WhiteTeam "Nied Koenig"]
[BlackTeam "Sangerhausen"]
[WhiteTeamCountry "GER"]
[BlackTeamCountry "GER"]

1. Nf3 Nf6 2. g3 g6 3. Bg2 Bg7 4. 0-0 0-0 5. d3 d5 6. c3 Nc6 7. Qc2 e5 8. e4 dxe4 9. dxe4 Bg4 10. h3 Bd7 11. Nbd2 Qe7 12. b4 Rfd8 13. Bb2 b5 14. Rfd1 Ne8 15. Nf1 Be6 16. Ne3 Rxd1+ 17. Qxd1 Rd8 18. Qe2 Nd6 19. Nd2 Bh6 20. Nd5 Bxd5 21. exd5 Bxd2 22. Qxd2 Nc4 23. Qe2 Nb8 24. a4 a6 25. axb5 axb5 26. Bc1 Nd7 27. Bh6 Ndb6 28. Rd1 Nd6 29. h4 Nbc4 30. Qa2 Qe8 31. Qe2 Qe7 32. Qa2 Qe8 33. Qe2 Qe7 1/2-1/2

[Event "Oberliga Ost-B 1718"]
[Site "Germany"]
[Date "2018.04.14"]
[Round "10.3"]
[White "Hellwig, Tobias"]
[Black "Heinz, Axel"]
[Result "1/2-1/2"]
[WhiteElo "2197"]
[BlackElo "2435"]
[PlyCount "117"]
[EventDate "2017.10.22"]
[EventType "team-tourn"]
[EventRounds "11"]
[EventCountry "GER"]
[SourceTitle "EXT 2019"]
[Source "ChessBase"]
[SourceDate "2018.10.10"]
[SourceVersion "1"]
[SourceVersionDate "2018.10.10"]
[SourceQuality "1"]
[WhiteTeam "Sangerhausen"]
[BlackTeam "Oberursel"]
[WhiteTeamCountry "GER"]
[BlackTeamCountry "GER"]

1. d4 Nf6 2. Nf3 e6 3. g3 b5 4. a4 b4 5. Bg2 Bb7 6. 0-0 c5 7. Bf4 d5 8. Ne5 Be7 9. dxc5 Bxc5 10. Qd3 0-0 11. Qb5 Qc8 12. Nd3 Be7 13. c3 Ba6 14. Qa5 Nc6 15. Qc7 Qxc7 16. Bxc7 Rac8 17. Bf4 Ne4 18. Rc1 bxc3 19. Nxc3 Nd4 20. Kf1 Nb3 21. Nxe4 dxe4 22. Bxe4 Rxc1+ 23. Rxc1 Nxc1 24. Nxc1 Rc8 25. Bb1 Bd6 26. Be3 Bc5 27. Bd2 Bd4 28. b3 Bc3 29. Be3 Bd4 30. Bd2 g6 31. Nd3 Kf8 32. b4 Bc4 33. Bc2 Bc3 34. Bh6+ Ke7 35. b5 Bd5 36. Bd1 Ba5 37. Be3 Bb6 38. Bd2 Be4 39. f3 Bd5 40. Nb4 Bb7 41. Nd3 Bd4 42. Bb4+ Kd8 43. Ba3 Bd5 44. Bb4 f6 45. Ba5+ Kd7 46. Bb4 e5 47. Bd2 Bc3 48. Be3 Bd4 49. Bd2 f5 50. Nb4 Bb7 51. Nc2 Bc5 52. Ne3 e4 53. f4 Bd4 54. Nc2 Bc5 55. Ne3 Bb6 56. Nc2 Rc4 57. Ne3 Rd4 58. Ke1 Ke7 59. Bb3 1/2-1/2

[Event "Oberliga Ost-B 1718"]
[Site "Germany"]
[Date "2017.10.22"]
[Round "1.5"]
[White "Hahn, Markus"]
[Black "Hellwig, Tobias"]
[Result "1-0"]
[WhiteElo "2281"]
[BlackElo "2197"]
[PlyCount "79"]
[EventDate "2017.10.22"]
[EventType "team-tourn"]
[EventRounds "11"]
[EventCountry "GER"]
[SourceTitle "EXT 2019"]
[Source "ChessBase"]
[SourceDate "2018.10.10"]
[SourceVersion "1"]
[SourceVersionDate "2018.10.10"]
[SourceQuality "1"]
[WhiteTeam "Kassel"]
[BlackTeam "Sangerhausen"]
[WhiteTeamCountry "GER"]
[BlackTeamCountry "GER"]

1. c4 Nf6 2. Nc3 c6 3. d4 d5 4. e3 g6 5. Nf3 Bg7 6. Be2 0-0 7. 0-0 Qd6 8. b3 Nbd7 9. cxd5 Nxd5 10. Nxd5 cxd5 11. a4 Re8 12. Ba3 Qb8 13. Rc1 a6 14. Qd2 b6 15. Rc2 Bb7 16. Rfc1 e6 17. a5 Rc8 18. axb6 Rxc2 19. Qxc2 Nxb6 20. Qc7 Qxc7 21. Rxc7 Bc8 22. Ne5 Bxe5 23. dxe5 Bd7 24. Bc5 Bb5 25. Bxb5 axb5 26. f4 Rb8 27. Kf2 Kg7 28. Ke2 h6 29. Kd3 g5 30. f5 Na8 31. Ra7 Rc8 32. Bd6 Kg8 33. f6 h5 34. Rb7 g4 35. g3 Rd8 36. e4 dxe4+ 37. Kxe4 Rc8 38. Kf4 Rc2 39. Kg5 Rxh2 40. Kh6 1-0

[Event "Oberliga Ost-B 1617"]
[Site "Germany"]
[Date "2017.01.15"]
[Round "5.6"]
[White "Hellwig, Tobias"]
[Black "Neidhardt, Helge"]
[Result "1-0"]
[WhiteElo "2182"]
[BlackElo "2040"]
[PlyCount "83"]
[EventDate "2016.10.16"]
[EventType "team-tourn"]
[EventRounds "11"]
[EventCountry "GER"]
[SourceTitle "EXT 2018"]
[Source "ChessBase"]
[SourceDate "2017.10.13"]
[SourceVersion "1"]
[SourceVersionDate "2017.10.13"]
[SourceQuality "1"]
[WhiteTeam "Sangerhausen"]
[BlackTeam "Marburg"]
[WhiteTeamCountry "GER"]
[BlackTeamCountry "GER"]

1. d4 Nf6 2. c4 e6 3. Nc3 Bb4 4. Qc2 0-0 5. e4 d5 6. e5 Ne4 7. Bd3 f5 8. exf6 Nxf6 9. Nf3 Nc6 10. Be3 dxc4 11. Bxc4 Nd5 12. 0-0 Be7 13. a3 Bf6 14. Ne4 h6 15. Rad1 Bd7 16. Nc5 Rb8 17. Qe4 Nce7 18. Nxe6 Bxe6 19. Qxe6+ Kh8 20. Ne5 Nxe3 21. fxe3 Bxe5 22. Qxe5 Qd6 23. Rxf8+ Rxf8 24. Qe4 c6 25. Bd3 g6 26. Rf1 Rxf1+ 27. Kxf1 Kg7 28. g3 Nf5 29. Ke2 b6 30. Bc4 Kf6 31. Qe8 c5 32. Qf7+ Kg5 33. Kf3 h5 34. Be6 Qe7 35. h4+ Kh6 36. Qxe7 Nxe7 37. d5 Kg7 38. d6 Nc6 39. Ke4 Kf6 40. Kd5 Nd8 41. Bc8 Kf7 42. e4 1-0

[Event "GER CupT prel3"]
[Site "Knuellwald"]
[Date "2016.01.23"]
[Round "1.4"]
[White "Hellwig, Tobias"]
[Black "Niermann, Tristan"]
[Result "1-0"]
[WhiteElo "2165"]
[BlackElo "1895"]
[PlyCount "73"]
[EventDate "2016.01.23"]
[EventType "team-k.o."]
[EventRounds "2"]
[EventCountry "GER"]
[SourceTitle "EXT 2017"]
[Source "ChessBase"]
[SourceDate "2016.10.25"]
[SourceVersion "1"]
[SourceVersionDate "2016.10.25"]
[SourceQuality "1"]
[WhiteTeam "Sangerhausen"]
[BlackTeam "Lieme"]
[WhiteTeamCountry "GER"]
[BlackTeamCountry "GER"]

1. d4 d5 2. c4 c6 3. Nc3 dxc4 4. e3 b5 5. a4 b4 6. Na2 e6 7. Bxc4 Nf6 8. Nf3 Be7 9. Bd2 a5 10. Nc1 Nbd7 11. Nb3 Bb7 12. 0-0 0-0 13. Qe2 c5 14. Rac1 Qb6 15. Bb5 Bd5 16. dxc5 Nxc5 17. Nxc5 Bxc5 18. Ne5 Rfd8 19. f3 Qa7 20. Kh1 Bd6 21. Nc6 Bxc6 22. Bxc6 Rac8 23. e4 Be5 24. b3 Qd4 25. Be3 Qd3 26. Qxd3 Rxd3 27. Bb5 Rdc3 28. Bd2 Rxc1 29. Rxc1 Rd8 30. Be3 Bb2 31. Bb6 Ra8 32. Rd1 g5 33. Rd8+ Rxd8 34. Bxd8 g4 35. Bxa5 Bc3 36. Bb6 gxf3 37. gxf3 1-0

[Event "Oberliga Ost-A 1516"]
[Site "Germany"]
[Date "2015.12.13"]
[Round "5.4"]
[White "Hellwig, Tobias"]
[Black "Kesik, Klaus Dieter"]
[Result "1/2-1/2"]
[WhiteElo "2175"]
[BlackElo "2181"]
[PlyCount "121"]
[EventDate "2015.09.20"]
[EventType "team-tourn"]
[EventRounds "11"]
[EventCountry "GER"]
[SourceTitle "EXT 2017"]
[Source "ChessBase"]
[SourceDate "2016.10.25"]
[SourceVersion "1"]
[SourceVersionDate "2016.10.25"]
[SourceQuality "1"]
[WhiteTeam "Sangerhausen"]
[BlackTeam "Hoyerswerda"]
[WhiteTeamCountry "GER"]
[BlackTeamCountry "GER"]

1. e4 d6 2. Nf3 Nf6 3. Nc3 g6 4. Bc4 Bg7 5. d3 c6 6. Bb3 0-0 7. Bg5 h6 8. Be3 Nbd7 9. h3 Nc5 10. Bxc5 dxc5 11. Qd2 b5 12. Qe3 Nd7 13. e5 e6 14. 0-0 Qc7 15. Rfe1 a5 16. a4 c4 17. dxc4 b4 18. Nb1 c5 19. c3 Bb7 20. Nbd2 Rab8 21. Bc2 Rfd8 22. b3 Nxe5 23. Nxe5 Qxe5 24. Qxe5 Bxe5 25. Rxe5 Rxd2 26. Rc1 bxc3 27. Rxc5 Rbd8 28. Re5 Kf8 29. Re3 Ke7 30. Rxc3 e5 31. Re1 Ke6 32. Be4 Bxe4 33. Rxe4 f5 34. Re1 Rb2 35. Rce3 e4 36. R1e2 Rd1+ 37. Kh2 Rxe2 38. Rxe2 Rb1 39. f3 Rxb3 40. fxe4 f4 41. Rc2 Rb4 42. c5 Kd7 43. e5 Re4 44. Rd2+ Kc6 45. Rd6+ Kxc5 46. Rxg6 Kb4 47. Rxh6 Kxa4 48. Rf6 Kb3 49. Rb6+ Kc4 50. h4 Rxe5 51. Kh3 a4 52. Ra6 Kb4 53. Kg4 Ra5 54. Rb6+ Rb5 55. Ra6 Ra5 56. Rb6+ Kc3 57. h5 a3 58. h6 Ra8 59. h7 Rh8 60. Ra6 Kb2 61. Rb6+ 1/2-1/2

[Event "Oberliga Ost-A 1516"]
[Site "Germany"]
[Date "2015.10.11"]
[Round "3.5"]
[White "Braeuer, Felix"]
[Black "Hellwig, Tobias"]
[Result "0-1"]
[WhiteElo "2183"]
[BlackElo "2175"]
[PlyCount "74"]
[EventDate "2015.09.20"]
[EventType "team-tourn"]
[EventRounds "11"]
[EventCountry "GER"]
[SourceTitle "EXT 2017"]
[Source "ChessBase"]
[SourceDate "2016.10.25"]
[SourceVersion "1"]
[SourceVersionDate "2016.10.25"]
[SourceQuality "1"]
[WhiteTeam "Bannewitz"]
[BlackTeam "Sangerhausen"]
[WhiteTeamCountry "GER"]
[BlackTeamCountry "GER"]

1. e4 Nf6 2. e5 Nd5 3. d4 d6 4. Nf3 dxe5 5. Nxe5 g6 6. Bc4 Be6 7. 0-0 Bg7 8. Qe2 0-0 9. Bb3 c6 10. c4 Nb6 11. Rd1 N8d7 12. Nc3 Qc7 13. Nxd7 Qxd7 14. d5 cxd5 15. cxd5 Bf5 16. Bf4 Rac8 17. Rac1 h6 18. h3 g5 19. Bg3 Rc5 20. h4 Rfc8 21. hxg5 hxg5 22. Qe3 Bf6 23. d6 Kg7 24. dxe7 Qxe7 25. Qxe7 Bxe7 26. f3 Bf6 27. Bd6 R5c6 28. Bb4 Nc4 29. Ba4 Nxb2 30. Bxc6 bxc6 31. Rd6 Nd3 32. Rb1 Nxb4 33. Rxb4 Bxc3 34. Rc4 Ba5 35. Rdxc6 Bb6+ 36. Kf1 Bd3+ 37. Ke1 Re8+ 0-1

[Event "Gibraltar Masters 13th"]
[Site "Caleta"]
[Date "2015.02.02"]
[Round "7"]
[White "Hellwig, Tobias"]
[Black "Ferreira, Oscar Vieira"]
[Result "1-0"]
[WhiteElo "2172"]
[BlackElo "1980"]
[PlyCount "65"]
[EventDate "2015.01.27"]
[EventType "swiss"]
[EventRounds "10"]
[EventCountry "GGB"]
[SourceTitle "CBM 165"]
[Source "ChessBase"]
[SourceDate "2015.03.11"]
[SourceVersion "1"]
[SourceVersionDate "2015.03.11"]
[SourceQuality "1"]

1. d4 g6 2. Nf3 Bg7 3. g3 d6 4. Bg2 Nf6 5. 0-0 0-0 6. Nbd2 c5 7. c3 cxd4 8. cxd4 d5 9. Re1 Nc6 10. Qb3 Qd6 11. a3 b6 12. Nf1 Bf5 13. Bf4 Na5 14. Qc3 Qc6 15. Qb4 Qb7 16. Nh4 Be6 17. Nf3 Rac8 18. Rac1 Rc4 19. Rxc4 Nxc4 20. N1d2 Rc8 21. Ng5 a5 22. Qb3 Nxd2 23. Bxd2 Qa6 24. Nxe6 fxe6 25. e4 a4 26. Qb4 Qd3 27. Qxe7 Rc2 28. Qxe6+ Kh8 29. Bc3 Re2 30. e5 Rxe1+ 31. Bxe1 Qe2 32. Qc8+ Ng8 33. Bxd5 1-0

[Event "Gibraltar Masters 13th"]
[Site "Caleta"]
[Date "2015.01.30"]
[Round "4"]
[White "Odeh, Kenneth"]
[Black "Hellwig, Tobias"]
[Result "0-1"]
[WhiteElo "1982"]
[BlackElo "2172"]
[PlyCount "102"]
[EventDate "2015.01.27"]
[EventType "swiss"]
[EventRounds "10"]
[EventCountry "GGB"]
[SourceTitle "CBM 165"]
[Source "ChessBase"]
[SourceDate "2015.03.11"]
[SourceVersion "1"]
[SourceVersionDate "2015.03.11"]
[SourceQuality "1"]

1. e4 Nf6 2. e5 Nd5 3. d4 d6 4. Bc4 e6 5. Nf3 Nc6 6. 0-0 Be7 7. Re1 0-0 8. c3 dxe5 9. dxe5 f6 10. exf6 Bxf6 11. Nbd2 Na5 12. Bf1 Nb6 13. Ne4 Qxd1 14. Rxd1 e5 15. Nxf6+ gxf6 16. Bh6 Re8 17. Bb5 c6 18. Be2 Be6 19. Nh4 Red8 20. b3 c5 21. f4 exf4 22. Bxf4 Nd5 23. Bd2 Nc6 24. Nf3 Kg7 25. Kf2 a6 26. a3 Nde7 27. c4 Nf5 28. Bc3 Nfd4 29. Nxd4 Nxd4 30. Bxd4 cxd4 31. Rd3 Bf5 32. Rg3+ Bg6 33. Bf3 Rd7 34. Bd5 d3 35. h4 Kh6 36. h5 Bf5 37. Rf3 Kg5 38. Rg1 Re8 39. g4 Re2+ 40. Kf1 Be4 41. Bxe4 Rxe4 42. Rf5+ Kh6 43. Rd5 Rxd5 44. cxd5 d2 45. Kf2 Kg5 46. Rd1 Rd4 47. Kf3 Rxd5 48. Ke4 Rd6 49. h6 Kxg4 50. b4 f5+ 51. Ke5 Rd8 0-1

[Event "Gibraltar Masters 13th"]
[Site "Caleta"]
[Date "2015.01.27"]
[Round "1"]
[White "Hellwig, Tobias"]
[Black "Salem, AR Saleh"]
[Result "0-1"]
[WhiteElo "2172"]
[BlackElo "2603"]
[PlyCount "54"]
[EventDate "2015.01.27"]
[EventType "swiss"]
[EventRounds "10"]
[EventCountry "GGB"]
[SourceTitle "CBM 165"]
[Source "ChessBase"]
[SourceDate "2015.03.11"]
[SourceVersion "1"]
[SourceVersionDate "2015.03.11"]
[SourceQuality "1"]

1. d4 Nf6 2. Nf3 g6 3. g3 Bg7 4. Bg2 0-0 5. 0-0 d6 6. Nbd2 Nfd7 7. e4 c5 8. d5 b5 9. a4 b4 10. Re1 a5 11. Nc4 Nb6 12. Nxb6 Qxb6 13. e5 Bg4 14. Bg5 Bxe5 15. Qc1 Bxf3 16. Bxf3 Bf6 17. Bxf6 exf6 18. Qf4 Nd7 19. Re7 Ne5 20. Qxf6 Rfe8 21. Rxe8+ Rxe8 22. Kg2 b3 23. cxb3 Nd3 24. Qc3 c4 25. Rf1 Qxb3 26. Qxa5 Qxb2 27. Qa6 Re1 0-1